UM Logo

Chemistry for the IB diploma/ (Record no. 430)

MARC details
000 -LEADER
fixed length control field 00583nam a2200169 4500
008 - FIXED-LENGTH DATA ELEMENTS--GENERAL INFORMATION
fixed length control field 151203b xxu||||| |||| 00| 0 eng d
020 ## - INTERNATIONAL STANDARD BOOK NUMBER
International Standard Book Number 9780521182942
082 ## - DEWEY DECIMAL CLASSIFICATION NUMBER
Edition number c2011
Classification number DC 540
Item number Ow97
100 ## - MAIN ENTRY--PERSONAL NAME
9 (RLIN) 1077
Personal name Owen, Steve
245 ## - TITLE STATEMENT
Title Chemistry for the IB diploma/
Statement of responsibility, etc. Steve Owen, Caroline Ahmed, Chris Martin & Roger Woodward
260 ## - PUBLICATION, DISTRIBUTION, ETC. (IMPRINT)
Place of publication, distribution, etc. Cambridge:
Name of publisher, distributor, etc. Cmbridge University Press,
Date of publication, distribution, etc. c2011
300 ## - PHYSICAL DESCRIPTION
Extent vi, 538 pages:
Other physical details illustrations;
Dimensions 28 cm.
Accompanying material CD-ROM
500 ## - GENERAL NOTE
General note Includes appendix, glossary and index.
650 #0 - SUBJECT ADDED ENTRY--TOPICAL TERM
9 (RLIN) 1082
Topical term or geographic name as entry element Chemistry
700 ## - ADDED ENTRY--PERSONAL NAME
9 (RLIN) 1080
Personal name Woodward, Roger
942 ## - ADDED ENTRY ELEMENTS (KOHA)
Source of classification or shelving scheme Dewey Decimal Classification
Koha item type Circulation
Holdings
Withdrawn status Lost status Source of classification or shelving scheme Damaged status Not for loan Collection code Home library Current library Shelving location Date acquired Source of acquisition Total Checkouts Full call number Barcode Date last seen Date last checked out Copy number Price effective from Koha item type
    Dewey Decimal Classification     Circulation UM Digos College - LIC UM Digos College - LIC Book Cart 08/12/2015 Purchased 3 DC 540 Ow97 2011 22985 05/15/2025 11/17/2018 1 12/03/2015 Circulation